| 000 | 03468pam a2200841 cc4500 | ||
|---|---|---|---|
| 001 | 1271371448 | ||
| 003 | DE-101 | ||
| 005 | 20250527120534.0 | ||
| 007 | tu | ||
| 008 | 221027s2023 gw ||||| |||| 00||||ger | ||
| 015 |
_a23,A44 _z22,N44 _2dnb |
||
| 016 | 7 |
_2DE-101 _a1271371448 |
|
| 020 |
_a9783551799944 _cBroschur : EUR 13.00 (DE), EUR 13.40 (AT), CHF 19.50 (freier Preis) |
||
| 020 | _a3551799946 | ||
| 024 | 3 | _a9783551799944 | |
| 035 | _a(DE-599)DNB1271371448 | ||
| 035 | _a(OCoLC)1349714607 | ||
| 040 |
_a1245 _bger _cDE-101 _d9999 _erda |
||
| 041 |
_ager _hjpn |
||
| 044 | _cXA-DE-HH | ||
| 082 | 7 | 4 |
_a741.5 _qDE-101 _223sdnb |
| 100 | 1 |
_0(DE-588)1269048740 _0https://d-nb.info/gnd/1269048740 _0(DE-101)1269048740 _aGaku, Keito _eVerfasser _4aut _2gnd |
|
| 245 | 1 | 0 |
_aBoys run the riot _n4 _cKeito Gaku ; aus dem Japanischen von Gandalf Bartholomäus |
| 250 | _a1. Aufl. | ||
| 264 | 3 | 1 |
_aHamburg _bCarlsen Manga! _c23 |
| 300 |
_acirca 258 Seiten _c336 g |
||
| 336 |
_aText _btxt _2rdacontent |
||
| 336 |
_aunbewegtes Bild _bsti _2rdacontent |
||
| 337 |
_aohne Hilfsmittel zu benutzen _bn _2rdamedia |
||
| 338 |
_aBand _bnc _2rdacarrier |
||
| 653 | _a(Produktform)Paperback / softback | ||
| 653 | _a(Zielgruppe)bis 99 Jahre | ||
| 653 | _a(Zielgruppe)ab 15 Jahre | ||
| 653 | _a(BISAC Subject Heading)CGN004050 | ||
| 653 | _a(Produktform (spezifisch))Unflipped manga format | ||
| 653 | _a(BISAC Subject Heading)CGN004050: COMICS & GRAPHIC NOVELS / Manga / General | ||
| 653 | _a(BISAC Subject Heading)CGN004280: COMICS & GRAPHIC NOVELS / Manga / School Life | ||
| 653 | _a(BISAC Subject Heading)SOC012000: SOCIAL SCIENCE / Gay Studies | ||
| 653 | _a(BISAC Subject Heading)SEL038000: SELF-HELP / Fashion & Style | ||
| 653 | _aComing-of -Age | ||
| 653 | _aTransgender | ||
| 653 | _aFashion | ||
| 653 | _aErwachsenwerden | ||
| 653 | _aJapan | ||
| 653 | _aMobbing | ||
| 653 | _aGeschlechtsidentität | ||
| 653 | _aGeschlechtsanpassung | ||
| 653 | _aScham | ||
| 653 | _aHomosexualität | ||
| 653 | _ajapanische Leserichtung | ||
| 653 | _aTranssexualität | ||
| 653 | _aErwartung | ||
| 653 | _aAngst | ||
| 653 | _a(BISAC Subject Heading)CGN004050: COMICS & GRAPHIC NOVELS / Manga / General | ||
| 653 | _a(VLB-WN)1182: Hardcover, Softcover / Belletristik/Comic, Cartoon, Humor, Satire/Manga, Manhwa | ||
| 653 | _a(BISAC Subject Heading)CGN004280 | ||
| 653 | _aLGBTQ Manga | ||
| 653 | _aManga Trans | ||
| 653 | _aSlice of Life Manga | ||
| 653 | _aKinder im falschen Körper | ||
| 653 | _aTransgender Geschichten | ||
| 655 | 7 |
_0(DE-588)4010427-8 _0https://d-nb.info/gnd/4010427-8 _0(DE-101)040104273 _aComic _2gnd-content |
|
| 773 | 0 | 8 |
_q14 _w(DE-101)1269048821 |
| 776 | 0 | 8 |
_iErscheint auch als _nOnline-Ausgabe _aGaku, Keito _tBoys Run the Riot 1 _dHamburg : Carlsen Manga, 2022 _hOnline-Ressource, 240 Seiten, schwarz-weiß/farbig _w(DE-101)1290719144 _b1. Auflage |
| 776 | 0 | 8 |
_iErscheint auch als _nOnline-Ausgabe _z9783646726473 |
| 787 | 0 | 8 |
_iIn Beziehung stehende Ressource _z9783551621054 |
| 787 | 0 | 8 |
_iIn Beziehung stehende Ressource _z9783551799913 |
| 787 | 0 | 8 |
_iIn Beziehung stehende Ressource _z9783551799920 |
| 856 | 4 | 2 |
_mX:MVB _qtext/html _uhttp://deposit.dnb.de/cgi-bin/dokserv?id=03cec0f5fce342e5a92f1626a746e947&prov=M&dok_var=1&dok_ext=htm _3Inhaltstext |
| 856 | 4 | 2 |
_mB:DE-101 _qapplication/pdf _uhttps://d-nb.info/1271371448/04 _3Inhaltsverzeichnis |
| 942 |
_2ddc _cMGA _n0 |
||
| 999 |
_c1267 _d1267 |
||